| 000 | 00934cab a2200205 4500 | ||
|---|---|---|---|
| 001 | ##L133500 | ||
| 008 | 060512n2006 000 0 eng u | ||
| 035 | _a(Sirsi) u133500 | ||
| 041 | 0 | _aeng | |
| 100 | 1 | _aFox, Owen | |
| 245 | 0 | 0 |
_aContract? _bwhat contract? |
| 260 | _c2006 | ||
| 490 | 0 |
_aContract Journal _v433(6574) 10 May 2006, 18(1) |
|
| 520 | _aDiscusses "ERDC Group Ltd v Brunel University" ([2006] EWHC 687 TCC, L133495), where it was held that, in circumstances where no contract for works existed after a specific date, the contractor was entitled to be paid on a quantum meruit basis, but calculated by reference to tendered rates and prices prevailing before the contract expired. | ||
| 590 | _aIKA230506 | ||
| 650 | 2 | 4 | _aERDC GROUP LTD V BRUNEL UNIVERSITY |
| 651 | 4 |
_aEngland and Wales _y1543- |
|
| 690 | _aMANAGEMENT-DISPUTE AVOIDANCE, MANAGEMENT AND RESOLUTION-DISPUTE MANAGEMENT AND RESOLUTION | ||
| 942 | _n0 | ||
| 999 |
_c77043 _d77043 |
||